000 002780000a22001090004500
090 _aAR
_b04489
245 1 0 _aEcosistemas
_sestructuras para la reflexión
041 0 _aEspañol
100 1 _aWiken, Ed.
_998381
942 _cARTICULO
773 1 _tConservacion mundial
_h1
_q22-23
_d1996
999 _c13588
_d13588